000 00561nam a2200169 i 4500
001 74407
003 ES-MaACL
005 20230906172125.0
007 t|
008 040917s1915 mx ||||1| spa d
100 1 _aGonzález Roa, Fernando.
_958915
245 1 3 _aEl problema ferrocarrilero y la Compañía de los Ferrocarriles Nacionales de México
_b: informe /
_cFernando González Roa.
260 _aMéxico :
_b[s.n.,
_c1915] (
_fCarranza e Hijos)
300 _a316 p. ;
_c23 cm.
650 4 _aFerrocarriles-
_zMéxico.
_9158942
852 _aES-MaACL
_jF-1819
999 _c74407
_d74407